| 000 | 01269ntm a22004337a 4500 | ||
|---|---|---|---|
| 005 | 20250729161645.0 | ||
| 008 | 160314b2013 xxu||||| |||| 00| | spa d | ||
| 020 | _a9786074386608 | ||
| 041 | _aESP | ||
| 082 | _a333.72 E82d | ||
| 100 |
_aEstrella Suárez, María verónica _96948 |
||
| 100 |
_aGonzález Vásquez, Arturo _96949 |
||
| 245 | _aDesarrollo sustentable | ||
| 260 |
_aMéxico _bPatria _c2013 |
||
| 300 | _a208 páginas | ||
| 490 | _aTurismo | ||
| 505 | _aContiene disco compacto N 744 | ||
| 650 | _aDESARROLLO SUSTENTABLE | ||
| 650 | _aDESARROLLO SOSTENIBLE | ||
| 650 | _aSUSTENTABILIDAD | ||
| 650 | _aECOSISTEMAS | ||
| 650 | _aCICLOS BIOQUÍMICOS | ||
| 650 | _aCICLOS SEDIMENTARIOS | ||
| 650 | _aCICLO HIDROLÓGICO | ||
| 650 | _aCICLOS GASEOSOS | ||
| 650 | _aBIODIVERSIDAD | ||
| 650 | _aFENÓMENOS NATURALES | ||
| 650 | _aDESASTRES NATURALES (CLASIFICACIÓN) | ||
| 650 | _aHUELLA ECOLÓGICA | ||
| 650 | _aCAMBIO CLÍMATICO | ||
| 650 | _aCONTAMINACIÓN AMBIENTAL | ||
| 650 | _aCARTA DE LA TIERRA | ||
| 650 | _aUSO EFICIENTE DE LA ENERGÍA | ||
| 650 | _aCICLOS DE VIDA DE LOS RECURSOS NATURALES | ||
| 650 | _aRESIDUOS SÓLIDOS | ||
| 650 | _aCIUDADES SUTENTABLE | ||
| 650 | _aEDUCACIÓN AMBIENTAL | ||
| 942 |
_cBK _2ddc |
||
| 999 |
_c7842 _d7842 |
||